000 00591nam a2200181Ia 4500
008 151018s9999 xx 000 0 und d
082 _bRBASDV5287
_a920
100 _aज र आजगांवकर
245 _aश्री समर्थ चरित्र
250 _b2
260 _bके भि ढवळे
_c1946
300 _a120
600 _aज र आजगांवकर
630 _aश्री समर्थ चरित्र
700 _aज र आजगांवकर
730 _aश्री समर्थ चरित्र
942 _cBOOK
999 _c1007670
_d1007667